Selling purebreds for profit /

Bibliographic Details
Main Author: Bartlett, John Walden
Format: Book
Language:English
Published: [Lacona, N.Y.] : [Holstein-Friesian World, Inc.], [1958]
Subjects:

MARC

Tag First Indicator Second Indicator Subfields
LEADER 00000cam a2200000 i 4500
001 in00000039706
005 20151007064529.0
008 791126s1958 nyu 00000 eng u
010 |a  60033723  
035 |a (OCoLC)05729490 
035 |9 AAE0044AM 
040 |c XDM  |d TXA  |d UtOrBLW 
049 |a TXAM  |c [308502] 
050 0 |a SF202  |b .B3 
092 |a 338.1762  |b B289s 
100 1 |a Bartlett, John Walden. 
245 1 0 |a Selling purebreds for profit /  |c by J.W. Bartlett, Theodore Prescott [and] Allen N. Crissey. 
264 1 |a [Lacona, N.Y.] :  |b [Holstein-Friesian World, Inc.],  |c [1958] 
264 4 |c [©1958] 
300 |a 138 pages :  |b illustrations ;  |c 29 cm. 
336 |a text  |b txt  |2 rdacontent 
337 |a unmediated  |b n  |2 rdamedia 
338 |a volume  |b nc  |2 rdacarrier 
650 0 |a Cattle trade. 
650 0 |a Cattle  |x Breeding. 
999 |a MARS 
999 f f |s 977cfa02-72c5-39ba-8ab5-3294d0f02306  |i 3e072623-af6d-35d2-b637-76b30dd15059  |t 0 
952 f f |p ric  |a Texas A&M University  |b Rellis Campus  |c Joint Library Facility  |d Remote Storage  |t 0  |e SF202 .B3  |h Library of Congress classification  |i unmediated -- volume  |m A14800761360 
998 f f |a SF202 .B3  |t 0  |l Remote Storage